000 00252 a2200097 4500
001 55253
100 _a
245 _aGlimpses into the corridors of Power
260 _aKArachi
_bOxford University Press n :25317
_c2007
090 _c34215
_d34215
942 _aNUST-CAE
_cMONOGRAPH
_c26909
999 _c290326
_d290326